000
00298nam a22001217a 4500
082
_a
425
_b
OXF/D
100
_a
OXFORD
245
_a
CONSISE OXFORD-HACHETTE FRENCH DICTIONARY
260
_a
NEW YORK
_b
HACHETTE
_c
2009
300
_a
1380
650
_a
ENGLIS-FRENCH DICTIONARY
_z
UNITED STATES
942
_c
BK
999
_c
8006
_d
8006